00238 a2200085 4500000002500000020001800025100002100043245007000064260001800134 nam a22 7a 4500 a9781838933401 aMarrozzi, Justin aThe Arab conquests : the spread of Islam and the first caliphates bApollo,c2021